|
|
|
|
| LEADER |
00000nab a2200000 a 4500 |
| 001 |
vtls010734584 |
| 003 |
SK-MaSNL |
| 005 |
20260304195010.0 |
| 008 |
250709s1963 xo |||||||||||||||||slo| |
| 035 |
|
|
|a (urnnbn)urn:nbn:sk:snk:ar-a05eih
|
| 035 |
|
|
|a (uuid)dd338c1c-1aed-48b9-823a-bce098a6ab20
|
| 035 |
|
|
|a urn:nbn:sk:snk-ab3wet
|
| 040 |
|
|
|a SNKBUCL
|b slo
|c SNKBUCL
|e AACR2
|
| 041 |
0 |
|
|a slo
|
| 044 |
|
|
|a xo
|c SK
|
| 100 |
1 |
|
|a Pichlerová, Magda,
|d 1931-2014
|4 aut
|9 170667
|
| 245 |
1 |
0 |
|a POHREBISKO ZO STARŠEJ DOBY BRONZOVEJ V BERNOLÁKOVE
|c Magda Pichlerová, B. Nieburová
|
| 700 |
1 |
|
|a Nieburová, Berta,
|d 1919-2006
|4 trl
|9 112145
|
| 773 |
0 |
|
|t Študijné zvesti Archeologického ústavu Slovenskej akadémie vied
|g Roč. 11, č. 11 (1963), s. 268-270
|
| 850 |
|
|
|a Slovenská národná knižnica
|
| 852 |
|
|
|a Slovenská národná knižnica
|
| 954 |
|
|
|a odborná, vedecká literatúra pôvodná (slovenská)
|2 lita
|
| 958 |
|
|
|a article1
|
| 958 |
|
|
|a OND
|
| 958 |
|
|
|a EUIPO
|
| 999 |
|
|
|c 3078377
|d 3080307
|